000 00908nam a2200265Ia 4500
005 20220217101354.0
008 130821s2008 sp gr spa
020 _a8449320781
020 _a9788449320781
040 _aCo-BoUCM
_bspa
_cDeissy Garcia (modificó)
_d[Nuevo]
041 0 0 _aspa
100 1 _aBeck, Ulrich
_9125480
245 1 3 _aLa sociedad del riesgo mundial en busca de la seguridad perdida
_cUlrich Beck
260 _aBarcelona (España)
_bEdiciones Paidós
_c2008
300 _a333 páginas
490 _aPaidós Estado y Sociedad
_v155
650 0 4 _aCiencia militar
_910776
650 0 4 _aConflictos internacionales
_911587
650 0 4 _aRelaciones internacionales
_98042
650 0 4 _aSeguridad nacional
_924108
700 1 _aCarbó, Rosa S.
_9160120
765 _aWeltrisikogesellschaft
942 _cLIBRO
_a6
_e1
_mB393s
_2DEWEY
_h355.03
_n0
999 _c57454
_d57454